|
|
|
|
| LEADER |
00000cam a2200000 7i4500 |
| 001 |
0000001228 |
| 005 |
20140314.0 |
| 020 |
0 |
0 |
|a 9839716077
|
| 090 |
0 |
0 |
|a 333.7209292
|b FOR 1995
|
| 245 |
1 |
0 |
|a FOR a greener future :
|b Ecological aspects : The public and the business perspectives
|c edited by Robert Haas and Chan Huan Chiang
|
| 260 |
0 |
0 |
|a Kuala Lumpur :
|b Institut Penyelidikan Ekonomi Malaysia (MIER) ,
|c 1995
|
| 300 |
|
|
|a ix, 335 p. :
|b ill., maps ;
|c 21 cm.
|
| 500 |
0 |
0 |
|a Bibliography : [p. 334-335]
|
| 650 |
0 |
0 |
|a Environmental policy
|z Malaysia
|
| 650 |
0 |
0 |
|a Environmental protection
|z Malaysia
|
| 700 |
0 |
1 |
|a Chan
|h Huan Chiang
|
| 700 |
0 |
1 |
|a Haas
|h Robert
|
| 710 |
1 |
1 |
|a Friedrich Naumann Foundation (Germany)
|
| 710 |
1 |
1 |
|a Malaysian Institute of Economic Research (MIER)
|
| 998 |
|
|
|a JPSM
|
| 999 |
|
|
|a 0000002212
|b Monograph
|c Open Shelf
|e Default branch
|